| 000 | 00613cam a2200193 a 4500 | ||
|---|---|---|---|
| 001 | 000011994 | ||
| 005 | 20200929162641.0 | ||
| 008 | 880818s1985 cu a 000 0 spa | ||
| 040 |
_aDO-SdBNP _cDLC _dDLC |
||
| 050 | 0 | 0 | _aIN PROCESS (ONLINE) |
| 082 |
_annn _bM778ó |
||
| 100 | 1 |
_aMonterroso, Augusto _d1921- 2003 _915065 |
|
| 245 | 1 | 3 |
_aLa oveja negra y demás fábulas / _cAugusto Monterroso ; edición César Ramos. |
| 260 |
_aLa Habana, Cuba : _bCasa de las América, _c1985. |
||
| 300 |
_a58 p. : _bil. ; _c23 cm. |
||
| 700 | 1 |
_aRamos César _eed. _913341 |
|
| 910 | _aCatalogación derivada | ||
| 049 | _aBNGR | ||
| 999 |
_c11663 _d11663 |
||